000
00223nam a22001097a 4500
022
_a
1600-0455
245
_a
ACTA RADIOLOGICA
260
_a
UK
_b
SAGE PUBLICATION
_c
2015
300
_a
383
310
_a
MONTHLY
942
_2
ddc
_c
LJ
999
_c
6533
_d
6533